Textbook of Pharmacognosy : (Record no. 36434)

MARC details
000 -LEADER
fixed length control field 00500nam a22001817a 4500
005 - DATE AND TIME OF LATEST TRANSACTION
control field 20240823085027.0
008 - FIXED-LENGTH DATA ELEMENTS--GENERAL INFORMATION
fixed length control field 240821b |||||||| |||| 00| 0 eng d
082 ## - DEWEY DECIMAL CLASSIFICATION NUMBER
Classification number 612
Item number ALI-P
100 ## - MAIN ENTRY--AUTHOR
Author Name Muhammad Ali
245 ## - TITLE STATEMENT
Title Textbook of Pharmacognosy :
Statement of responsibility, etc. Muhammad Ali
Remainder of title Pharmacognosy and plant Cultivation /
250 ## - EDITION STATEMENT
Edition statement 2nd ed.
260 ## - PUBLICATION, DISTRIBUTION, ETC.
Place of Publication Pakistan :
Date of publication, distribution, etc. 2011
300 ## - PHYSICAL DESCRIPTION
Pages 518p.
490 ## - SERIES STATEMENT
Volume vol 2.
500 ## - GENERAL NOTE
General note include index.
650 ## - SUBJECT ADDED ENTRY--TOPICAL TERM
Subject / Department Pharmacy / Pharmacognosy
300 ## - PHYSICAL DESCRIPTION
-- ill;
-- 23 cm.
952 ## - LOCATION AND ITEM INFORMATION (KOHA)
-- 0
-- 0
952 ## - LOCATION AND ITEM INFORMATION (KOHA)
-- 0
-- 0
952 ## - LOCATION AND ITEM INFORMATION (KOHA)
-- 0
-- 0
952 ## - LOCATION AND ITEM INFORMATION (KOHA)
-- 0
-- 0
Holdings
Lost status Damaged status Collection code Permanent Location Current Location Shelving Location Date acquired Full Call Number Accession No./Barcode Date last seen Copy number item type Koha item type
    Pharmacy Superior Information Resource Center (SIRC) Superior University- Main Campus Superior Information Resource Center (SIRC) Superior University- Main Campus Pharmacognosy 08/21/2024 612 ALI-P 2011 4462 08/21/2024 1 BOOK BOOK
    Pharmacy Superior Information Resource Center (SIRC) Superior University- Main Campus Superior Information Resource Center (SIRC) Superior University- Main Campus Pharmacognosy 08/21/2024 612 ALI-P 2011 4463 08/21/2024 2 BOOK BOOK
    Pharmacy Superior Information Resource Center (SIRC) Superior University- Main Campus Superior Information Resource Center (SIRC) Superior University- Main Campus Pharmacognosy 08/23/2024 612 ALI-P 2011 9982 08/23/2024 3 BOOK BOOK
    Pharmacy Superior Information Resource Center (SIRC) Superior University- Main Campus Superior Information Resource Center (SIRC) Superior University- Main Campus Pharmacognosy 08/23/2024 612 ALI-P 2011 9983 08/23/2024 4 BOOK BOOK

Powered by Koha